| 000 | 02400cam a2200385 i 4500 | ||
|---|---|---|---|
| 001 | 2995 | ||
| 003 | FISKH | ||
| 005 | 20240130102305.0 | ||
| 008 | 130315s2013 nyua 001 0 eng | ||
| 010 | _a 2013006815 | ||
| 020 | _a9781594205118 | ||
| 020 | _a9780143125341 | ||
| 040 |
_aDLC _beng _cDLC _erda _dDLC |
||
| 042 | _apcc | ||
| 043 | _an-us--- | ||
| 050 | 0 | 0 |
_aGV884.J32 _bA3 2013 |
| 082 | 0 | 0 |
_a796.323092 _aB _223 |
| 100 | 1 | _aJackson, Phil. | |
| 245 | 1 | 0 |
_aEleven rings : _bthe soul of success / _cPhil Jackson and Hugh Delehanty. |
| 250 | _aThis edition published in 2014 | ||
| 260 |
_aNew York : _bPenguin, _c2013 |
||
| 300 |
_a372 pages : _bcolor illustrations ; _c22 cm |
||
| 336 |
_atext _2rdacontent |
||
| 337 |
_aunmediated _2rdamedia |
||
| 338 |
_avolume _2rdacarrier |
||
| 520 | _aDuring his storied career as head coach of the Chicago Bulls and Los Angeles Lakers, Phil Jackson won more championships than any coach in the history of professional sports. Even more important, he succeeded in never wavering from coaching his way, from a place of deep values. Jackson was tagged as the "Zen master" half in jest by sportswriters, but the nickname speaks to an important truth: this is a coach who inspired, not goaded; who led by awakening and challenging the better angels of his players' nature, not their egos, fear, or greed. This is the story of a preacher's kid from North Dakota who grew up to be one of the most innovative leaders of our time. In his quest to reinvent himself, Jackson explored everything from humanistic psychology and Native American philosophy to Zen meditation. In the process, he developed a new approach to leadership based on freedom, authenticity, and selfless teamwork that turned the hypercompetitive world of professional sports on its head.--From publisher description. The head coach of the Chicago Bulls and Los Angeles Lakers traces the life experiences and philosophies that inspired his championship-winning techniques, revealing how he forged successful teams by combining talents and promoting trust. | ||
| 600 | 1 | 0 | _aJackson, Phil. |
| 650 | 0 |
_aBasketball coaches _zUnited States _vBiography. |
|
| 650 | 0 |
_aCoaching (Athletics) _xPhilosophy. |
|
| 650 | 0 | _aSuccess. | |
| 650 | 0 | _aLeadership. | |
| 700 | 1 |
_aDelehanty, Hugh, _d1949- _eAuthor |
|
| 906 |
_a7 _bcbc _corignew _d1 _eecip _f20 _gy-gencatlg |
||
| 942 |
_2ddc _cBK _n0 |
||
| 999 |
_c2995 _d2995 |
||